Combattre la discrimination fondee sur l'orientation sexuelle en matiere d'emploi: legislation dans quinze etats membres de l'UE. Rapport du Group europeen de la Lutte contre la discrimination fondee sur l'orientation sexuelle concernant la mise en oeuvre jusqu'en avril 2004 de la Directive 2000/78/CE portant creation d'un cadre general en faveur de l'egalite du traitement en matiere d'emploi et de travail /

Tallennettuna:
Bibliografiset tiedot
Muut tekijät: Waaldijk, Kees, Bonini Baraldi, Matteo, Littler, Alan
Aineistotyyppi: Kirja
Kieli:ranska
Julkaistu: Leiden : Universiteit Leiden, 2004
Tagit: Lisää tagi
Ei tageja, Lisää ensimmäinen tagi!

MARC

LEADER 00000nam a22000007i 4500
001 IT\ICCU\UBO\3312811
003 ItRI
005 20260115232324.0
008 071102s2004 ne |||||| ||||| |||||c
040 |b ita  |c importazione bologna sebina 
041 7 |a fre  |2 ISO-639-2 
245 0 0 |a Combattre la discrimination fondee sur l'orientation sexuelle en matiere d'emploi: legislation dans quinze etats membres de l'UE. Rapport du Group europeen de la Lutte contre la discrimination fondee sur l'orientation sexuelle concernant la mise en oeuvre jusqu'en avril 2004 de la Directive 2000/78/CE portant creation d'un cadre general en faveur de l'egalite du traitement en matiere d'emploi et de travail /  |c sous la direction de Kees Waaldijk et Matteo Bonini Baraldi ; avec la cooperation de Alan Litter. 
260 |a Leiden :  |b Universiteit Leiden,  |c 2004 
300 |a VIII, 127 p. ;  |c 29 cm 
500 |a Sul front.: resumes en francais. 
700 1 |a Waaldijk, Kees  |0 IT\ICCU\TO0V\152466 
700 1 |a Bonini Baraldi, Matteo  |0 IT\ICCU\UBOV\013650 
700 1 |a Littler, Alan  |0 IT\ICCU\UBOV\206466 
942 |2 ddc  |c BK  |n 0 
952 |0 0  |1 0  |4 0  |6 DOC_323_420000000000000_WAA  |7 0  |9 24178  |a BO  |b BO  |d 2026-01-15  |i 9374  |l 0  |o DOC 323.420 WAA  |p BO9374  |r 2026-01-15 23:23:24  |w 2026-01-15  |x [Sebina 7] [1 v.]  |y BK  |z 1 v. 
999 |c 20582  |d 20582